[Event "Mukachevo Rating January 2019"]
[Site "Mukachevo"]
[Date "2019.01.09"]
[Round "1"]
[White "Tiba, Vladyslav"]
[Black "Becskei, Zoltan"]
[Result "0-1"]
[WhiteElo "2405"]
[BlackElo "2308"]
[Annotator "TA"]
[PlyCount "98"]
[EventDate "2019.01.09"]
[EventType "tourn"]
[EventCountry "UKR"]
[SourceTitle "playchess.com"]
[Source "ChessBase"]
[SourceQuality "1"]

{[%evp 11,98,8,5,3,24,18,52,43,37,0,16,0,7,27,0,18,14,0,9,4,2,17,54,53,93,63,72,58,63,-29,-31,-41,75,87,97,64,70,14,0,-2,60,66,72,65,76,19,31,47,34,46,83,68,87,81,97,87,75,72,64,25,45,0,0,0,0,-202,0,-318,-299,-355,-308,-295,-281,-289,-284,-402,-366,-395,-382,-540,-526,-562,-562,-930,-922,-1197,-1276,-1508,-1494]} 1. e4 g6 2. d4 {[%cal Bd2d4,Bd4d5][%mdl 32]} Bg7 3. Nc3 d6 4. Be3 a6 5. Qd2 Nd7 6. Nf3 b5 {LiveBook: 142 Games} 7. d5 {B06: Modern Defence} (7. a4 b4 8. Ne2 Ngf6 9. Ng3 Ng4 10. Bf4 e5 11. Bg5 f6 12. Be3 Nxe3 13. Qxe3 O-O 14. Bc4+ Kh8 15. O-O Nb6 {0-1 (43) Darini,P (2511)-Mamedov,R (2688) Doha 2016}) 7... Bb7 8. Nd4 Ne5 $146 ({Predecessor:} 8... Qc8 9. a4 b4 10. Na2 c5 11. dxc6 Bxc6 12. Nxc6 Qxc6 13. Nxb4 Qxe4 14. Nxa6 Rc8 {0-1 (40) Beshukov,S (2460)-Kantsler,B (2562) Cappelle-la-Grande 2000}) 9. a4 {White is slightly better.} b4 10. Nd1 c5 {Threatens to win with ...Nf6.} 11. dxc6 Nxc6 12. Nxc6 Bxc6 13. Qxb4 Nf6 14. Bd3 O-O 15. f3 {[%cal Bf2f3,Bf3f4][%mdl 32]} d5 16. e5 $36 {[%mdl 2048] White fights for an advantage.} Nd7 17. f4 d4 18. Bxd4 Bxg2 19. Rg1 Bf3 20. Ne3 (20. Rg3 $14 Rb8 21. Qd2) 20... e6 $1 $11 {Hoping for ...Qh4+.} 21. Qd2 Nb6 ({Reject} 21... Qh4+ $6 22. Qf2 $16) (21... f6 $15 {stays ahead.} 22. exf6 Nxf6) 22. Bc5 $16 Re8 23. Qf2 Bh5 24. Ng4 (24. a5 $14 Nd5 25. Nc4) 24... Nd5 $11 25. Bd4 Nb4 (25... f5 $11 26. exf6 Nxf6) 26. Be4 $14 Rc8 {White must now prevent ...Rxc2!} 27. c3 Nd5 28. O-O-O (28. Bd3 $16) 28... Bxg4 29. Rxg4 Qa5 30. Bc2 Rb8 31. h4 h5 {[#]} 32. Rg3 $1 Qc7 33. Rdg1 {aiming for Bxg6!} Ne7 34. Bc5 Qb7 35. Bd3 Nf5 36. R3g2 Qc6 37. Bxf5 exf5 38. a5 $2 {[#]} (38. Bd6 $11 {and White has nothing to worry.} Rbd8 39. Qc2) 38... Bh6 $2 (38... Rb5 $1 $19 {[%cal Rb5c5]} 39. b4 Bf8) 39. Re1 $2 {[%mdl 8192] [#]} (39. Qe3 $11) 39... Bxf4+ $1 $19 {[%mdl 576] Double Attack} 40. Kb1 (40. Qxf4 Qxg2) 40... Bxe5 41. Bb6 Bc7 {...Rxe1+ is the strong threat.} 42. Rxe8+ Rxe8 43. Bd4 (43. Rg1 $142) 43... Qe4+ 44. Ka2 Bxa5 45. Rg1 (45. Rg3 $142 f4 46. Rg1) 45... Bd8 {Black is clearly winning.} 46. Qd2 {White hopes to continue with Qh6.} Kh7 47. Bf2 Qc4+ 48. Kb1 Re2 49. Qd4 Qb3 {Accuracy: White = 43%, Black = 55%.} 0-1

[Event "Mukachevo Rating January 2019"]
[Site "Mukachevo"]
[Date "2019.01.09"]
[Round "1"]
[White "Baidetskyi, Valentin"]
[Black "Tran, David"]
[Result "1-0"]
[WhiteElo "2387"]
[BlackElo "2111"]
[Annotator "TA"]
[PlyCount "25"]
[EventDate "2019.01.09"]
[EventType "tourn"]
[EventCountry "UKR"]
[SourceTitle "playchess.com"]
[Source "ChessBase"]
[SourceQuality "1"]

{[%evp 9,25,0,-12,0,85,72,86,73,71,75,319,313,299,293,315,289,287,307]} 1. d4 Nf6 2. Bf4 c5 3. e3 Qb6 4. Nc3 d6 (4... a6 5. Bc4 cxd4 6. exd4 e6 7. Nge2 d5 8. Bb3 Bd7 9. O-O Be7 10. Qe1 O-O 11. Rd1 Nc6 {1-0 (23) Aronian,L (2767)-Giri,A (2782) chess.com INT 2018}) 5. Nf3 Qxb2 6. Nb5 {Threatens to win with Rb1. A45: Trompowsky Attack} Nd5 $146 (6... Qb4+ $11 7. Qd2 (7. c3 Qa5 $17) 7... Na6) ({Predecessor:} 6... Qb4+ 7. Nd2 Qa5 8. dxc5 a6 9. Nd4 Qxc5 10. Be2 Qc7 11. N4b3 Nd5 {0-1 (33) Zavortink,M (1979)-Mikhalevski,V (2504) chess.com INT 2017}) 7. Rb1 Qxa2 8. Ra1 {White is better.} Qb2 {[#]} 9. dxc5 $1 Nc3 $2 {[#]} (9... Nc6 $16) 10. Be5 $1 $18 {[%cal Re5c3][%mdl 512] White has a decisive advantage.} Nxd1 (10... dxe5 11. Nc7#) 11. Bxb2 Nxb2 12. Nc7+ {[%mdl 64] Double Attack} Kd8 13. Nxa8 1-0

[Event "Mukachevo Rating January 2019"]
[Site "Mukachevo"]
[Date "2019.01.09"]
[Round "1"]
[White "Shkuran, Danylo"]
[Black "Kagramanianz, Vartan"]
[Result "1/2-1/2"]
[WhiteElo "2359"]
[BlackElo "2246"]
[Annotator "TA"]
[PlyCount "41"]
[EventDate "2019.01.09"]
[EventType "tourn"]
[EventCountry "UKR"]
[SourceTitle "playchess.com"]
[Source "ChessBase"]
[SourceQuality "1"]

{[%evp 22,28,29,22,24,23,21,22,30]} 1. e4 c6 2. d4 d5 3. exd5 cxd5 4. Bd3 Nc6 5. c3 Nf6 6. Nf3 Bg4 7. h3 Bh5 8. O-O e6 9. Bf4 Bd6 10. Bxd6 Qxd6 11. Nbd2 O-O 12. Qc2 Bg6 {B13: Caro-Kann: Exchange Variation and Panov-Botvinnik Attack} (12... Rfc8 13. a3 Rab8 14. Rae1 b5 15. Qb1 Bxf3 16. Nxf3 a5 17. Ne5 b4 18. Nxc6 Qxc6 19. cxb4 axb4 20. Rc1 {0-1 (35) Badelita,B (1860)-Gavrilescu,D (2359) Arad 2017}) 13. Bxg6 hxg6 14. Rfe1 Rac8 {Predecessor:} 15. Ne5 $146 Nxd4 16. Qa4 Nc6 17. Nxc6 Qxc6 18. Qxa7 Qb5 19. Nb3 Ne4 20. Qa5 Qxa5 21. Nxa5 {0-1 (52) Fogue Angelina,H-Rodriguez Romero,M (1366) Madrid 2013} 1/2-1/2

[Event "Mukachevo Rating January 2019"]
[Site "Mukachevo"]
[Date "2019.01.09"]
[Round "1"]
[White "Larkin, Vladyslav"]
[Black "Petrovskiy, Vadim"]
[Result "1-0"]
[WhiteElo "2311"]
[BlackElo "2205"]
[Annotator "TA"]
[PlyCount "63"]
[EventDate "2019.01.09"]
[EventType "tourn"]
[EventCountry "UKR"]
[SourceTitle "playchess.com"]
[Source "ChessBase"]
[SourceQuality "1"]

{[%evp 14,63,16,6,114,92,130,122,129,113,148,140,152,171,162,148,156,100,100,92,89,95,105,91,114,0,45,52,141,89,225,225,225,229,252,246,225,148,242,262,343,300,456,450,403,411,523,481,522,483,622,622]} 1. d4 Nf6 2. Bf4 d5 3. e3 c5 4. dxc5 (4. Nd2 Nc6 5. Ngf3 e6 6. c3 Be7 7. Ne5 O-O 8. Bd3 Bd6 9. Ndf3 Qc7 10. h4 Ne4 11. Qc2 f6 12. Nxc6 Bxf4 13. exf4 Qxc6 14. dxc5 f5 15. b4 Qc7 16. Ne5 {0-1 (34) Wei,Y (2729)-So,W (2780) chess.com INT 2018}) 4... Nc6 5. Bb5 Qa5+ 6. Nc3 {D00: 1 d4 d5: Unusual lines} a6 7. Bxc6+ bxc6 8. Qd4 {LiveBook: 10 Games. Threatening Nf3.The position is equal.} Bf5 (8... e6 $1 $11 {remains equal.}) 9. a3 $146 ({Predecessor:} 9. b4 Qa3 10. Nge2 a5 11. b5 e6 {½-½ (33) Godart,F (2370)-Guliyev,N (2557) Vandoeuvre 2014}) 9... Nh5 10. b4 Qd8 11. Nf3 f6 12. h3 {Threatens to win with g4.} Nxf4 13. exf4 g6 14. O-O Bg7 15. Rfe1 (15. Na4 $142) 15... O-O $16 16. Re2 Qc7 17. Rae1 Rae8 18. a4 e5 19. Qd1 ({White should try} 19. fxe5 $16 {Hoping for e6.} fxe5 20. Nxe5) 19... e4 20. Nd4 {[#] Strongly threatening b5.} Rd8 (20... Bc8 $14) 21. Rd2 (21. b5 $142 axb5 22. axb5 cxb5 23. Nxf5 gxf5 24. Nxb5 Qxc5 25. Nd4) 21... Bh6 (21... Bc8 $16) 22. Nxf5 $18 gxf5 23. g3 Kh8 {[#]} 24. Ne2 $1 Rg8 {and if ...Bxf4 works, Black does fine.} 25. Qa1 Rdf8 (25... a5 $16 {keeps fighting.}) 26. Kh2 Rg6 27. Qd4 Rfg8 (27... Rb8 $142 28. Rb1 Qf7) 28. c4 dxc4 29. Qxc4 Qg7 30. Qc3 {White is clearly winning.} Re8 31. Red1 e3 32. Rd8 {Accuracy: White = 76%, Black = 31%.} 1-0

[Event "Mukachevo Rating January 2019"]
[Site "Mukachevo"]
[Date "2019.01.09"]
[Round "1"]
[White "Martynyuk, Elizaveta"]
[Black "Oros, Robert"]
[Result "1/2-1/2"]
[WhiteElo "2120"]
[BlackElo "2312"]
[Annotator "TA"]
[PlyCount "120"]
[EventDate "2019.01.09"]
[EventType "tourn"]
[EventCountry "UKR"]
[SourceTitle "playchess.com"]
[Source "ChessBase"]
[SourceQuality "1"]

{[%evp 13,120,52,44,0,29,29,34,31,27,25,45,22,28,18,24,24,15,0,14,0,25,16,44,3,0,4,3,-2,-12,-9,-14,-13,-9,-33,0,-94,-92,-105,-88,-91,-13,-24,-20,-27,-33,-105,-105,-172,-165,-197,-22,-131,-26,-26,-26,-27,-20,-117,-94,-208,-15,-15,-15,-15,-15,-15,-15,-15,-15,-15,-14,-29,-29,-29,-8,-8,-8,-8,-15,-15,0,-15,0,-15,-15,-15,-15,-15,-15,-15,0,0,0,0,0,-15,0,-15,-15,-15,-15,-15,0,-15,0,-8,-8,-8,-8]} 1. e4 Nf6 2. e5 Nd5 3. d4 d6 4. Nf3 dxe5 5. Nxe5 c6 6. Bc4 Bf5 {B04: Alekhine's Defence: 4 Nf3} 7. O-O (7. Qf3 e6 8. g4 Bg6 9. h4 Nd7 10. Nxg6 hxg6 11. Nd2 Rxh4 12. Rxh4 Qxh4 13. Ne4 N7f6 14. Bg5 Qxg4 15. Bxd5 Qxf3 16. Nxf6+ gxf6 17. Bxf3 fxg5 {0-1 (17) Bologan,V (2615)-Yuffa,D (2527) Moscow 2017}) 7... Nd7 {LiveBook: 6 Games} 8. Nxf7 Kxf7 9. Qf3 e6 10. g4 Qf6 11. gxf5 Qxf5 12. Qxf5+ exf5 13. Nc3 N7b6 14. Bb3 $1 Bd6 $146 15. Ne2 {Black must now prevent c4.} a5 16. a4 Bc7 17. c4 Nf6 18. h3 Rhe8 19. Be3 g5 $36 {[%mdl 2048] Black has good play.} 20. d5 f4 21. d6 fxe3 22. dxc7 Rac8 23. fxe3 Rxe3 24. Nc3 (24. c5+ $1 $11 {remains equal.} Rxb3 25. cxb6 Rxb6 26. Rad1) 24... Nbd7 $1 $17 25. Rf5 Re5 26. Raf1 {And now Rxe5 would win.} Rxf5 ({Black should try} 26... Ke7 $1 $17) 27. Rxf5 $11 h6 28. Ne4 {Strongly threatening Nd6+.} Rxc7 29. c5+ (29. Nxf6 $1 $15 Nxf6 30. Rxa5) 29... Ke7 $1 $17 30. Nd2 {[#]} (30. Nxf6 $17 Nxf6 31. Kf2) 30... Nd5 $1 $19 {[%mdl 512]} 31. Ne4 {[#]} (31. Bxd5 cxd5) 31... b6 $2 (31... Ke6 $1 $19 {[%cal Re6f5]} 32. Rf2 Ke5) 32. h4 {[#]} (32. cxb6 $11 N7xb6 33. Re5+ Kf7 34. Kf2) 32... Nxc5 (32... Ke6 $1 $17 {[%cal Re6f5]} 33. cxb6 N7xb6) 33. Nxc5 $11 bxc5 34. hxg5 hxg5 35. Rxg5 $17 {[%mdl 4096] Endgame KRB-KRN} (35. Bxd5 $11 cxd5 36. Rxd5) 35... Kf6 (35... Kd6 {keeps more tension.} 36. Bc4 Nb6 37. Rg6+ Ke5 38. Rg5+ Ke4) 36. Rg3 (36. Rh5 $17 {was worth a try.}) 36... Rg7 $2 ({Black should play} 36... Rb7 $19 37. Rh3 Nf4 38. Rh6+ Ke5 39. Rxc6 Kd4 40. Rd6+ Ke3) 37. Rxg7 $11 Kxg7 {KB-KN} 38. Kf2 Kf6 {...Ke5 is the strong threat.} 39. Ke2 $1 Ke5 {Hoping for ...Kd4.} 40. Kd3 Nb6 41. Kc3 $1 Ke4 42. Bc2+ Kd5 {White should prevent ...c4.} 43. b3 $1 Kd6 {Black wants to play ...Nd5+.} 44. Bd3 {The position is equal.} Nd7 45. Ba6 Ne5 46. Bf1 Nd7 47. Ba6 Nb6 48. Be2 Nd5+ 49. Kc4 $1 Nf4 50. Bf3 Ng6 51. Kc3 Ne7 52. Kc4 Nd5 53. Be2 Nb6+ 54. Kc3 Nd7 55. Bf3 Kc7 56. Be2 Kb6 57. Bf3 Nf6 58. Be2 Ne8 59. Bf3 Nd6 60. Be2 Kc7 {Precision: White = 50%, Black = 46%.} 1/2-1/2

[Event "Mukachevo Rating January 2019"]
[Site "Mukachevo"]
[Date "2019.01.10"]
[Round "2"]
[White "Oros, Robert"]
[Black "Becskei, Zoltan"]
[Result "0-1"]
[WhiteElo "2312"]
[BlackElo "2308"]
[Annotator "TA"]
[PlyCount "130"]
[EventDate "2019.01.09"]
[EventType "tourn"]
[EventCountry "UKR"]
[SourceTitle "playchess.com"]
[Source "ChessBase"]
[SourceQuality "1"]

{[%evp 10,130,42,33,46,35,55,59,71,49,72,69,75,64,65,55,56,-24,-28,-74,-50,-106,-96,-100,-107,-57,-52,-107,-109,-337,-380,-437,-108,-370,-291,-248,-158,-156,167,166,143,164,161,124,136,164,161,45,117,101,220,197,206,205,181,175,174,102,256,51,126,7,2,2,2,7,69,0,0,0,0,0,0,0,0,-23,-27,-55,0,0,0,0,0,-54,0,0,0,0,8,-375,0,0,0,0,0,0,170,-498,0,-141,-141,-351,-141,-185,-79,-79,-79,-79,-79,-389,0,0,0,-29979,-7468,-6664,-976,-29983,-29984,-29984,-29985,-29987,-29988]} 1. e4 Nf6 2. Nc3 d6 3. d4 e5 4. Nf3 Nbd7 5. Bc4 h6 6. a4 {LiveBook: 7 Games. C41: Philidor Defence} (6. dxe5 dxe5 7. Qe2 c6 8. a4 Qa5 9. O-O Bb4 10. Nb1 O-O 11. c3 Be7 12. Nh4 Qc7 13. Nd2 a5 {½-½ (77) Predke,A (2601)-Belyakov,B (2486) Sochi 2017}) 6... a5 7. h3 c6 8. O-O {White is slightly better.} Qc7 9. Be3 g5 $146 ({Predecessor:} 9... Be7 10. Qe2 Nf8 11. dxe5 dxe5 12. Nh4 Be6 13. Nf5 Bxf5 14. exf5 {½-½ (103) Karavade,E (2409)-Czebe,A (2454) Zalakaros 2016}) 10. dxe5 dxe5 11. Nh2 Be7 12. Ng4 Nxg4 13. hxg4 (13. Qxg4 $14 Nf6 14. Qe2) 13... Nf6 $11 {[%cal Bd7f6,Bf6h5,Bh5f4][%mdl 32]} 14. f3 h5 $1 15. gxh5 (15. Bxg5 $2 Qb6+ 16. Rf2 hxg4 $19) (15. Ne2 $15) 15... Nxh5 $17 16. Kf2 Bd7 $1 17. Rh1 O-O-O 18. g4 (18. Bxf7 Nf4 $11) (18. Qg1 $1 $15) 18... Nf4 19. Bxf7 $2 (19. Ne2 $17 {is a better defense.}) 19... Rhf8 $1 $19 {[%cal Rf8f7]} 20. Rh7 Bxg4 $2 (20... Be8 $19 21. Qf1 Bxf7) 21. fxg4 $4 {[%mdl 8192]} (21. Qh1 $17 Bc5 22. Be6+ $1 {[%mdl 576] Discovered Attack} (22. Bxc5 Rxf7 23. Rxf7 Qxf7 $15) 22... Nxe6 23. Rxc7+ Kxc7 24. Bxc5 Nxc5 25. Ke1 Bxf3 26. Qh7+ Nd7 27. Kd2) 21... Rxd1 22. Rxd1 Nd5 23. exd5 Bb4 $2 (23... Bd6 $1 $17 {keeps the pressure on.} 24. Kg3 Rxf7 25. Rh8+ Rf8 26. Rxf8+ Bxf8 27. dxc6 bxc6 28. Bxg5 e4+ 29. Bf4 Qb6 30. Nxe4 Qxb2) 24. Kg2 $18 Rxf7 25. d6 $1 $36 {[%mdl 2048] White has strong initiative.} Bxd6 26. Rxf7 {[%mdl 64] Overworked Piece} Qxf7 27. Rxd6 Kc7 28. Rh6 (28. Rd2 $18) 28... Qg7 (28... Qc4 $1 $14) 29. Rh2 $1 $16 e4 (29... Qf7 $16 30. Bc1 e4) 30. Nxe4 $18 Qxb2 31. Kf3 (31. Bxg5 $6 Qxc2+ 32. Kf3 Qd1+ 33. Kf4 Qxa4 $16) 31... b5 32. Rh7+ (32. Nxg5 bxa4 33. Ne4 a3 $11) 32... Kb8 33. Bxg5 ({White should try} 33. axb5 $18 cxb5 34. c3 (34. Nxg5 a4 $16)) 33... bxa4 $2 (33... Qxc2 $16 {was worth a try.} 34. Bf4+ Ka8) 34. Bf6 $2 ({White has to play} 34. Bf4+ $18 Ka8 35. Rh5 Qxc2 36. Rxa5+ Kb7 37. Rxa4 $3 {[%mdl 512]}) 34... Qxc2 (34... Qa3+ $1 $14 35. c3 Qa1) 35. g5 ({White should play} 35. Rh1 $1 $16) 35... Qd1+ 36. Kf4 Qf1+ 37. Kg4 {And now Be5+ would win.} Qg2+ ({Better is} 37... Qe2+ $11 38. Kf5 Qf1+ 39. Kg6 a3) 38. Kf4 (38. Ng3 $14 Qc2 39. Be5+ Ka8 40. Rh8+ Ka7 41. Rh6) 38... a3 $11 39. Ng3 Qf2+ 40. Kg4 {Be5+ is the strong threat.} Qc2 41. Rh1 a2 42. Re1 Qb1 43. Rf1 c5 (43... Kb7 $15 44. Kh5 Kb6) 44. Kh5 Qh7+ 45. Kg4 c4 46. Be5+ (46. Nf5 $11) 46... Ka7 (46... Ka8 $1 $15) 47. Nf5 Qb7 48. Bd4+ Ka6 {Threatens to win with ...Qe4+.} 49. Re1 $2 {[%mdl 8192]} (49. g6 $11) 49... Qb1 $2 (49... Qg2+ $19 50. Ng3 Qd2 51. Re6+ Kb7 52. Re7+ Kc8) 50. Re6+ Kb5 51. g6 {Hoping for g7.} Qd1+ 52. Kf4 {aiming for g7.} c3 $2 (52... Qf1+ $11 {and Black is okay.} 53. Kg5 a1=Q 54. Bxa1 Qxa1) 53. Re5+ $4 {[%mdl 8192]} (53. Bxc3 $18 {is the narrow road to win.} Qc1+ 54. Re3 Qxc3 {[%mdl 64] Remove Defender} 55. Rxc3) 53... Ka4 $2 (53... Kb4 $19 54. Bc5+ Ka4) 54. Rxa5+ (54. Re4 $11 {remains equal.}) 54... Kxa5 $17 55. Bxc3+ Kb6 (55... Ka4 $19 {is more deadly.} 56. g7 Qf1+ 57. Ke4 Qc4+ {[%mdl 64] Double Attack} 58. Nd4 Qc8) 56. Bf6 Qc1+ (56... Qg1 $19 {and Black stays clearly on top.} 57. g7 Qf2+ 58. Ke4 Qe1+ 59. Kf4 Qc1+ 60. Kg4 Qd1+ 61. Kf4 Qf1+ 62. Kg5 Qg2+ 63. Kf4 Qg6) 57. Kg4 Qg1+ 58. Kh5 Qh1+ 59. Kg5 {[#]} Kc6 $2 (59... a1=Q $1 $19 {[%cal Ra1c1] ( -> ...Qac1+)} 60. Bxa1 Qc1+ 61. Kh5 Qxa1) 60. g7 $11 Kd7 61. Ne7 $2 {[%mdl 8192]} (61. Nh6 $11) 61... a1=Q (61... Qg2+ $142 62. Kf5 {[#]} a1=Q $1 {[%mdl 576] Deflection} 63. Bxa1 Kxe7 64. Kf4 Kf7 65. Bd4 Qe2 66. g8=N Kxg8 67. Bf6 Qf2+ 68. Ke5 Kf7 69. Bg5 Qc5+ 70. Kf4 Kg6 71. Bh4 Qd4+ 72. Kf3 Qxh4 73. Ke2 Qc4+ 74. Kd2 Kg5 75. Ke3 Kg4 76. Kf2 Kf4 77. Ke1 Ke3 78. Kd1 Qc8 79. Ke1 Qc1#) 62. Bxa1 $19 Qg1+ ({Inferior is} 62... Qxa1 63. g8=Q $11) 63. Kf6 Qxa1+ {Black mates.} 64. Kg6 Qg1+ 65. Kf6 Qb6+ {Accuracy: White = 38%, Black = 37%.} 0-1

[Event "Mukachevo Rating January 2019"]
[Site "Mukachevo"]
[Date "2019.01.10"]
[Round "2"]
[White "Kagramanianz, Vartan"]
[Black "Larkin, Vladyslav"]
[Result "1/2-1/2"]
[WhiteElo "2246"]
[BlackElo "2311"]
[Annotator "TA"]
[PlyCount "24"]
[EventDate "2019.01.09"]
[EventType "tourn"]
[EventCountry "UKR"]
[SourceTitle "playchess.com"]
[Source "ChessBase"]
[SourceQuality "1"]

{[%evp 9,24,-40,-43,-54,-47,-43,-18,-17,-29,-33,-33,-25,-14,-29,-23,-36,-12]} 1. e4 e5 2. Nf3 Nf6 3. Nc3 Bb4 4. g3 (4. Nxe5 O-O 5. Be2 Re8 6. Nd3 Bxc3 7. dxc3 Nxe4 8. O-O d6 9. Re1 Nd7 10. Bf3 Nec5 11. Be3 Nxd3 12. cxd3 Ne5 13. Be2 Qh4 14. Qb3 b6 15. Qd5 Bd7 16. Qd4 Qxd4 17. Bxd4 {½-½ (34) Mamedov,R (2709)-Bu,X (2730) Riadh 2017}) 4... O-O 5. d3 d5 {LiveBook: 94 Games} 6. Nd2 $146 {C42: Petroff Defence: 3 Nxe5 and unusual White 3rd moves} ({Predecessor:} 6. exd5 e4 7. dxe4 Nxe4 8. Qd4 Re8 9. Ne5 Bxc3+ 10. bxc3 f6 11. Bd3 Nd6 {0-1 (23) Todorovic,G (2461)-Yu,S (2509) Dos Hermanas 2004}) 6... dxe4 7. Ncxe4 Nd5 8. a3 {The position is equal.} Be7 9. Bg2 f5 10. Nc3 Be6 11. O-O Nc6 12. Rb1 Qd7 1/2-1/2

[Event "Mukachevo Rating January 2019"]
[Site "Mukachevo"]
[Date "2019.01.10"]
[Round "2"]
[White "Petrovskiy, Vadim"]
[Black "Tiba, Vladyslav"]
[Result "0-1"]
[WhiteElo "2205"]
[BlackElo "2405"]
[Annotator "TA"]
[PlyCount "76"]
[EventDate "2019.01.09"]
[EventType "tourn"]
[EventCountry "UKR"]
[SourceTitle "playchess.com"]
[Source "ChessBase"]
[SourceQuality "1"]

{[%evp 15,76,50,47,39,51,20,20,25,77,0,4,0,0,-7,51,15,14,-15,22,0,0,-25,-32,-77,0,-41,-42,-41,-41,-41,0,0,10,0,0,0,0,0,-2,-4,0,0,0,0,-4,-13,-20,-47,-51,-34,-54,-304,-313,-29981,-29982,-29981,-29982,-29982,-29983,-29990,-29991,-29991,-29992]} 1. e4 c5 2. Nf3 e6 3. d4 cxd4 4. Nxd4 a6 5. Bd3 Nf6 6. O-O Qc7 7. Be3 Nc6 8. Nxc6 bxc6 {LiveBook: 12 Games. B42: Sicilian: Kan Variation: 5 Bd3} (8... dxc6 9. f4 e5 10. f5 b5 11. a4 Bb7 12. Nd2 Be7 13. Qe2 O-O 14. c4 Rfd8 15. Bc2 Nd7 16. Qf2 {½-½ (67) Najer,E (2647)-Hayrapetyan,H (2500) Moscow 2013}) 9. f4 d5 10. e5 Nd7 $1 {The position is equal.} 11. Nd2 Be7 (11... Bc5 $11 12. Bxc5 Nxc5) 12. Nb3 $146 ({White should try} 12. c4 $16) ({Predecessor:} 12. Kh1 g6 13. Qg4 O-O 14. Rf3 f5 15. Qh3 Kg7 16. g4 {0-1 (40) Mahindrakar,I (1768)-Chaithanyaa,K (2095) Mumbai 2014}) 12... c5 $11 {aiming for ...c4.} 13. c4 d4 14. Bd2 O-O ({Black should play} 14... a5 $11) 15. Qe2 f5 16. Na5 (16. exf6 $5 Nxf6 17. Ba5 $11) 16... Rb8 17. Rab1 Nb6 18. a3 Na4 19. Bc2 Bd7 (19... Nxb2 $17 20. Bb3 d3) 20. Bxa4 (20. Bb3 {is more complex.} Rfd8 21. Rf3 Be8 22. Rh3 Qd7 23. Rd3) 20... Bxa4 21. b3 Bd7 22. Rfc1 Bd8 23. b4 $1 Qa7 {White must now prevent ...Bxa5.} 24. Nb3 Be7 {[%cal Rc5b4]} 25. Nxc5 Bxc5 26. bxc5 Bc6 27. Ba5 Rxb1 28. Rxb1 Qxc5 29. Bb4 Qb6 {Threatens to win with ...a5.} 30. Qd3 Rb8 31. Rd1 a5 32. Bd6 Qb2 {[%csl Gc6][%cal Rb2g2]} 33. Rd2 $2 {[#]} ({White has to play} 33. Qd2 $1 $15 Rb3 34. Qxb2 Rxb2 35. g3) 33... Qa1+ $1 $19 34. Rd1 $2 {[#]} (34. Kf2 $19 Rb7 35. Kg3) 34... Qa2 $1 {[%csl Gc6][%cal Ra2g2][%mdl 512] Black mates.} 35. Rd2 Rb2 36. Rxb2 Qxb2 {[%csl Gc6][%cal Rb2g2]} 37. Qf1 {[#]} d3 $1 {[%cal Bd4d3,Bd3d2][%mdl 544]} 38. Bc5 (38. Qxd3 Qxg2#) 38... d2 {Accuracy: White = 29%, Black = 66%.} 0-1

[Event "Mukachevo Rating January 2019"]
[Site "Mukachevo"]
[Date "2019.01.10"]
[Round "2"]
[White "Martynyuk, Elizaveta"]
[Black "Baidetskyi, Valentin"]
[Result "0-1"]
[WhiteElo "2120"]
[BlackElo "2387"]
[Annotator "TA"]
[PlyCount "84"]
[EventDate "2019.01.09"]
[EventType "tourn"]
[EventCountry "UKR"]
[SourceTitle "playchess.com"]
[Source "ChessBase"]
[SourceQuality "1"]

{[%evp 23,84,11,22,18,21,22,23,13,27,13,12,6,35,11,20,0,28,26,33,-8,0,-5,-12,-38,-4,0,0,-68,-48,-72,0,0,0,-13,0,-150,-130,-173,-178,-332,-173,-297,-318,-310,-310,-317,-321,-316,-305,-305,-305,-322,-303,-337,-332,-452,-432,-427,-406,-425,-409,-531,-524]} 1. e4 e5 2. Nf3 Nc6 3. Bc4 Nf6 4. d3 Bc5 5. c3 d6 6. Bb3 a6 7. Nbd2 {[%cal Bb1d2,Bd2f1,Bf1g3][%mdl 32]} h6 8. Nf1 O-O 9. Ng3 Ba7 10. O-O Be6 {C54: Giuoco Piano: 4 c3 Nf6, main lines with 5 d4 and 5 d3} 11. Be3 Bxe3 (11... Re8 12. Bxa7 Rxa7 13. Re1 d5 14. exd5 Bxd5 15. d4 Bxb3 16. Qxb3 exd4 17. Rxe8+ Qxe8 18. cxd4 {0-1 (53) Ponomariov,R (2694)-Fressinet,L (2662) Riadh 2017}) 12. fxe3 d5 {LiveBook: 3 Games. The position is equal.} 13. exd5 Bxd5 14. e4 Bxb3 15. axb3 Qd7 $146 ({Predecessor:} 15... Re8 16. Nf5 Re6 17. Qd2 Qd7 18. Rad1 {1-0 (46) Al Sulaiti,G-Asabri,H (2281) Doha 2002}) 16. Qe2 Rad8 17. Rad1 Rfe8 18. h3 a5 19. Nh4 {Strongly threatening Rxf6!} Qe6 20. Nhf5 {Threatens to win with Qf3.} Ne7 21. Qe3 Nxf5 22. Nxf5 Qxb3 23. Qg3 {[%csl Gf5][%cal Rg3g7]} (23. Kh2 $5 {[%cal Re3g3]}) 23... Qb6+ 24. Kh2 {[%csl Gf5][%cal Rg3g7]} Nh5 $36 {[%mdl 2048] Black fights for an advantage.} 25. Qh4 ({White should play} 25. Qf3 $11 Nf4 26. Rf2) 25... Nf4 $1 $15 26. Rf3 Qxb2 (26... a4 $17) 27. Rg3 $11 Ng6 28. Qg4 Kh8 29. h4 {[#]} (29. Rf1 $1 $11) 29... Rg8 $1 $17 30. h5 Nf4 31. Qh4 $2 (31. Ne7) 31... Kh7 (31... Qe2 $142 32. Nxh6 f6) 32. d4 (32. Ne7 {was the only chance.}) 32... Qe2 $19 33. Ra1 Qxh5 ({Resist} 33... Qxe4 34. Ne7 $19) 34. Rxa5 Qxh4+ 35. Nxh4 exd4 36. cxd4 Rxd4 37. Rf5 Ng6 38. Nf3 Rd7 39. e5 Re8 40. Rg4 Rde7 41. Re4 c6 42. g4 {[#]} f6 $1 {Precision: White = 31%, Black = 47%.} 0-1